Law and policy in international business
Salvato in:
| Natura: | Periodico |
|---|---|
| Lingua: | inglese |
| Pubblicazione: |
Washington
Georgetown University Law Center
2001/2002
|
| Soggetti: | |
| Tags: |
Nessun Tag, puoi essere il primo ad aggiungerne!!
|
MARC
| LEADER | 00000nas2a22000001 4500 | ||
|---|---|---|---|
| 001 | 0039316 | ||
| 005 | 20060302095703.3 | ||
| 022 | |a 0023-9208 | ||
| 041 | 0 | |a eng | |
| 044 | |a US | ||
| 245 | 1 | 0 | |a Law and policy in international business |
| 264 | 1 | |a Washington |b Georgetown University Law Center |c 2001/2002 | |
| 773 | 0 | |w eu_un_cat*s120163 | |
| 610 | 2 | 0 | |a právo |
| 610 | 2 | 0 | |a právo obchodné |
| 610 | 2 | 0 | |a politika |
| 610 | 2 | 0 | |a obchod medzinárodný |